Derecho Romano.

Uloženo v:
Podrobná bibliografie
Hlavní autor: Ávila Martel, Alamiro de (autor)
Médium: Kniha
Jazyk:španělština
Vydáno: Santiago, Chile: Ediciones del Tridente. 1964.
Témata:
Tagy: Přidat tag
Žádné tagy, Buďte první, kdo vytvoří štítek k tomuto záznamu!

MARC

LEADER 00000nam a2200000 a 4500
001 UCI1949
003 CL-VaPUC
005 20230717161237.0
008 070727e19640000CL |||||||||||||||||spa|d
999 |c 326635  |d 326633 
040 |c Pontificia Universidad Católica de Valparaíso 
082 0 4 |a 340.54 AVI 1964   |2 21 
100 1 |a Ávila Martel, Alamiro de  |e autor  |9 883759 
245 1 0 |a Derecho Romano.  
260 |a Santiago, Chile:   |b Ediciones del Tridente.   |c 1964. 
300 |a Volumen I.  
500 |a c.2 Volumen I: Donación Familia Prof. Alejandro Guzmán Brito. 
505 |a v.I: Introducción e Historia externa. 
583 |a last modification  |c 20070727 00:00:00  |k Rodrigo Vera 
650 0 |a Derecho romano  |9 255930 
942 |c BK  |2 ddc  |n 0 
945 |d 20070727 00:00:00  |a rbrito 
952 |0 0  |1 0  |4 0  |6 340_540000000000000_AVI_1964  |7 0  |8 A  |9 408662  |a BIBDER  |b BIBDER  |d 2019-11-22  |h v.1  |i 4286634  |l 15  |m 4  |o 340.54 AVI 1964  |p 4286634  |r 2025-04-22  |s 2025-04-02  |w 2019-11-22  |y BK  |k DER